[Event "Titled Tuesday 2025.02.25 Early"]
[Site "Chess.com INT"]
[Date "2025.02.25"]
[Round "10"]
[White "Buscar, Michael"]
[Black "Yang, Kaiqi"]
[Result "1/2-1/2"]
[WhiteElo "2016"]
[BlackElo "2481"]
[PlyCount "111"]
[GameId "2151502156672625"]
[EventDate "2025.02.25"]
[EventType "swiss (blitz)"]
[EventRounds "11"]
[EventCountry "NET"]
[SourceTitle "Mega2025 Update 18"]
[Source "Chessbase"]
[SourceDate "2025.03.07"]
[SourceVersion "1"]
[SourceVersionDate "2025.03.07"]
[SourceQuality "1"]

1. d4 Nf6 2. c4 g6 3. Nc3 d5 4. cxd5 Nxd5 5. e4 Nxc3 6. bxc3 Bg7 7. Bd3 c5 8. Ne2 cxd4 9. cxd4 Nc6 10. Be3 O-O 11. O-O Nxd4 12. Nxd4 Bxd4 13. Bxd4 Qxd4 14. Qe2 Be6 15. Rfd1 Rfd8 16. h3 Qe5 17. Bc4 Rac8 18. Bxe6 Qxe6 19. Rac1 Rxc1 20. Rxc1 Rd4 21. f3 Qd7 22. Rc2 Rd1+ 23. Kh2 f6 24. e5 Rd5 25. exf6 Qd6+ 26. Kg1 Qxf6 27. Qc4 Qe6 28. Qc8+ Qxc8 29. Rxc8+ Kf7 30. Rc7 Rb5 31. Kh2 a5 32. Kg3 Rb2 33. a3 b5 34. Rb7 Kf6 35. a4 b4 36. Rb5 Ra2 37. Rxa5 b3 38. Rb5 b2 39. a5 h5 40. a6 g5 41. a7 h4+ 42. Kh2 Rxa7 43. Rxb2 Ra3 44. Rb6+ e6 45. Rb5 Ra2 46. Rb4 Kf5 47. Rb8 Kf4 48. Rb4+ Kf5 49. Rb5+ Kf6 50. Rb4 Re2 51. Rb6 Kf5 52. Rb5+ Re5 53. Rb4 Re2 54. Rb5+ Kf4 55. Rb4+ Kf5 56. Rb5+ 1/2-1/2

[Event "Titled Tuesday 2025.02.25 Early"]
[Site "Chess.com INT"]
[Date "2025.02.25"]
[Round "11"]
[White "Yang, Kaiqi"]
[Black "Paramzina, Anastasya"]
[Result "1-0"]
[WhiteElo "2481"]
[BlackElo "2133"]
[PlyCount "73"]
[GameId "2151502156795710"]
[EventDate "2025.02.25"]
[EventType "swiss (blitz)"]
[EventRounds "11"]
[EventCountry "NET"]
[SourceTitle "Mega2025 Update 18"]
[Source "Chessbase"]
[SourceDate "2025.03.07"]
[SourceVersion "1"]
[SourceVersionDate "2025.03.07"]
[SourceQuality "1"]

1. d4 Nf6 2. c4 g6 3. h4 c5 4. d5 d6 5. Nc3 e6 6. h5 Nxh5 7. e4 Nf6 8. Bg5 Be7 9. Nf3 exd5 10. exd5 Bg4 11. Qb3 Qb6 12. Qxb6 axb6 13. Nb5 O-O 14. Bh6 Rc8 15. Be2 Nbd7 16. Bf4 Ne8 17. Nd2 Bxe2 18. Kxe2 Ne5 19. f3 Nc7 20. Nxc7 Rxc7 21. a4 f5 22. g4 fxg4 23. Bxe5 dxe5 24. fxg4 Bg5 25. Ne4 Bf4 26. Nf6+ Kh8 27. Rh3 Rf7 28. Ne4 Kg8 29. g5 Rf5 30. b3 Bxg5 31. Rah1 h5 32. Rg1 Bf4 33. Rxg6+ Kh7 34. Re6 Raf8 35. Re7+ R8f7 36. Re6 Bh6 37. d6 1-0

[Event "Titled Tuesday 2025.02.11 Early"]
[Site "Chess.com INT"]
[Date "2025.02.11"]
[Round "1"]
[White "Yang, Kaiqi"]
[Black "Persson, Richard"]
[Result "1-0"]
[WhiteElo "2481"]
[BlackElo "2106"]
[PlyCount "51"]
[GameId "2146417133347824"]
[EventDate "2025.02.11"]
[EventType "swiss (blitz)"]
[EventRounds "11"]
[EventCountry "NET"]
[SourceTitle "Mega2025 Update 17"]
[Source "Chessbase"]
[SourceDate "2025.02.28"]
[SourceVersion "1"]
[SourceVersionDate "2025.02.28"]
[SourceQuality "1"]

1. c4 c5 2. Nc3 Nc6 3. g3 g6 4. Bg2 Bg7 5. e4 d6 6. Nge2 e5 7. d3 Nge7 8. h4 h6 9. Be3 a6 10. Qd2 Rb8 11. a4 Nb4 12. h5 g5 13. f4 exf4 14. gxf4 g4 15. f5 Nec6 16. Nd5 Bf6 17. Nxb4 Nxb4 18. d4 Qe7 19. O-O Bg5 20. Nf4 a5 21. Rae1 Bd7 22. e5 O-O 23. f6 Qd8 24. Nd5 Bxe3+ 25. Qxe3 Nxd5 26. Qxh6 1-0

[Event "Titled Tuesday 2025.02.11 Early"]
[Site "Chess.com INT"]
[Date "2025.02.11"]
[Round "2"]
[White "Yang, Kaiqi"]
[Black "Grigoriants, Sergey"]
[Result "0-1"]
[WhiteElo "2481"]
[BlackElo "2550"]
[PlyCount "126"]
[GameId "2146417133598272"]
[EventDate "2025.02.11"]
[EventType "swiss (blitz)"]
[EventRounds "11"]
[EventCountry "NET"]
[SourceTitle "Mega2025 Update 17"]
[Source "Chessbase"]
[SourceDate "2025.02.28"]
[SourceVersion "1"]
[SourceVersionDate "2025.02.28"]
[SourceQuality "1"]

1. c4 g6 2. Nc3 c5 3. g3 Bg7 4. Bg2 Nc6 5. e4 d6 6. Nge2 e6 7. d3 Nge7 8. Be3 Nd4 9. Qd2 {is the legacy move (9.Rb1). ist old school (9.Tb1).} O-O {has lost popularity (9...Nec6). verliert an Beliebtheit (9...Sec6).} 10. h4 h5 11. O-O Rb8 $146 (11... Kh7 12. Rab1 b6 13. b4 Bb7 14. a4 Nec6 15. b5 Na5 16. Nf4 a6 17. Bxd4 cxd4 {1-0 Volosin,V (2310)-Mate,L (2285) HUN-chT Hungary 1993}) 12. Bh6 Nxe2+ 13. Nxe2 b5 14. Bxg7 Kxg7 15. b3 Nc6 16. cxb5 Rxb5 17. d4 Ba6 18. Rfd1 Qa5 19. Qb2 e5 20. dxe5 dxe5 21. Rd6 Nd4 22. Nc3 Rb6 23. Rxb6 axb6 24. Kh2 Bb7 25. a3 Qa8 26. f4 f6 27. Rf1 Qd8 28. b4 c4 29. Nd5 Bxd5 30. exd5 b5 31. Qc3 Qd6 32. fxe5 fxe5 33. Rxf8 Qxf8 34. Qe3 Qf6 35. Be4 Kf7 36. Qh6 c3 37. Qh7+ Qg7 38. Bxg6+ Kf6 39. d6 Qxh7 40. Bxh7 c2 41. d7 Ke7 42. Bxc2 Nxc2 43. g4 hxg4 44. h5 Nd4 45. h6 Nf3+ 46. Kg3 Ng5 47. Kxg4 Nf7 48. h7 Kxd7 49. Kf5 Ke7 50. Ke4 Ke6 51. a4 bxa4 52. b5 a3 53. b6 a2 54. b7 a1=Q 55. b8=Q Qe1+ 56. Kd3 Qd1+ 57. Ke3 Qe1+ 58. Kd3 Qg3+ 59. Ke2 Qh2+ 60. Ke1 Qxh7 61. Qc8+ Kf6 62. Qc6+ Kg7 63. Qg2+ Qg6 0-1

[Event "Titled Tuesday 2025.02.11 Early"]
[Site "Chess.com INT"]
[Date "2025.02.11"]
[Round "3"]
[White "Balint, Vilmos"]
[Black "Yang, Kaiqi"]
[Result "0-1"]
[WhiteElo "2143"]
[BlackElo "2481"]
[PlyCount "94"]
[GameId "2146417133709127"]
[EventDate "2025.02.11"]
[EventType "swiss (blitz)"]
[EventRounds "11"]
[EventCountry "NET"]
[SourceTitle "Mega2025 Update 17"]
[Source "Chessbase"]
[SourceDate "2025.02.28"]
[SourceVersion "1"]
[SourceVersionDate "2025.02.28"]
[SourceQuality "1"]

1. e4 c5 2. Nf3 d6 3. d4 cxd4 4. Nxd4 Nf6 5. f3 e5 6. Nb3 a5 7. Be3 Be6 8. Bb5+ Nbd7 9. a4 d5 10. exd5 Nxd5 11. Bf2 Be7 12. O-O O-O 13. N1d2 f5 14. Re1 Bf6 15. Nd4 exd4 16. Rxe6 Nc5 17. Re1 Kh8 18. Nf1 Nf4 19. Ra3 Rc8 20. Qd2 Nfe6 21. Ng3 Bg5 22. Qd1 Rf6 23. Re5 Bf4 24. Re1 Qd6 25. Nf1 Rg6 26. g3 h5 27. Kh1 Be5 28. f4 Bf6 29. Nd2 h4 30. Nf3 Qd5 31. Kg2 Ne4 32. c4 h3+ 33. Kf1 Qd6 34. Rd3 Rd8 35. Ng1 N6c5 36. Ra3 Rh6 37. Qf3 Nd2+ 38. Ke2 Nxf3 39. Nxf3 d3+ 40. Kf1 Bxb2 41. Ra2 Bc3 42. Rd1 d2 43. Nxd2 Qd3+ 44. Kg1 Ne4 45. c5 Qd5 46. Be2 Nxd2 47. Be3 Qg2# 0-1

[Event "Titled Tuesday 2025.02.11 Early"]
[Site "Chess.com INT"]
[Date "2025.02.11"]
[Round "4"]
[White "Bardyk, Artem"]
[Black "Yang, Kaiqi"]
[Result "1-0"]
[WhiteElo "2201"]
[BlackElo "2481"]
[PlyCount "71"]
[GameId "2146417133836417"]
[EventDate "2025.02.11"]
[EventType "swiss (blitz)"]
[EventRounds "11"]
[EventCountry "NET"]
[SourceTitle "Mega2025 Update 17"]
[Source "Chessbase"]
[SourceDate "2025.02.28"]
[SourceVersion "1"]
[SourceVersionDate "2025.02.28"]
[SourceQuality "1"]

1. e4 c6 2. Nf3 d5 3. Nc3 Bg4 4. g3 e6 5. Bg2 dxe4 6. Nxe4 Nd7 7. O-O Ngf6 8. d3 Be7 9. Qe2 O-O 10. h3 Bxf3 11. Bxf3 Re8 12. Nxf6+ Nxf6 13. c3 Qa5 14. d4 Rad8 15. Re1 h6 16. a4 Qf5 17. Kg2 a5 18. Qc4 Bd6 19. Bd2 e5 20. dxe5 Bxe5 21. Rad1 Bc7 22. Rxe8+ Rxe8 23. b4 Ne4 24. Re1 Qxf3+ 25. Kxf3 Nxd2+ 26. Kg2 Rxe1 27. Qd3 Ne4 28. Qd7 Bb6 29. bxa5 Bxf2 30. Qxb7 Re2 31. Kf3 Re3+ 32. Kg2 Bxg3 33. a6 f5 34. Qc8+ Kf7 35. Qxf5+ Nf6 36. a7 1-0

[Event "Titled Tuesday 2025.02.11 Early"]
[Site "Chess.com INT"]
[Date "2025.02.11"]
[Round "5"]
[White "Yang, Kaiqi"]
[Black "Murawski, Jan"]
[Result "1-0"]
[WhiteElo "2481"]
[BlackElo "2071"]
[PlyCount "57"]
[GameId "2146417133984262"]
[EventDate "2025.02.11"]
[EventType "swiss (blitz)"]
[EventRounds "11"]
[EventCountry "NET"]
[SourceTitle "Mega2025 Update 17"]
[Source "Chessbase"]
[SourceDate "2025.02.28"]
[SourceVersion "1"]
[SourceVersionDate "2025.02.28"]
[SourceQuality "1"]

1. c4 e6 2. g3 Nf6 3. Bg2 d5 4. Nf3 dxc4 5. Qa4+ Nbd7 6. Qxc4 a6 7. Qc2 c5 8. O-O Bd6 9. d4 Rb8 10. Rd1 O-O 11. Nc3 b5 12. Ng5 Bb7 13. dxc5 Bxc5 14. Nce4 Nxe4 15. Bxe4 h6 16. Bxb7 hxg5 17. Bc6 Qc7 18. Rxd7 Qxc6 19. Qd3 Qb6 20. Bxg5 Bxf2+ 21. Kg2 Bc5 22. Rd1 Qc6+ 23. Kh3 e5 24. Qf5 g6 25. Qf6 Qxf6 26. Bxf6 e4 27. R1d5 Rbc8 28. Kg4 Rfe8 29. h4 1-0

[Event "Titled Tuesday 2025.02.11 Early"]
[Site "Chess.com INT"]
[Date "2025.02.11"]
[Round "6"]
[White "Yang, Kaiqi"]
[Black "Grover, Sahaj"]
[Result "1-0"]
[WhiteElo "2481"]
[BlackElo "2468"]
[PlyCount "63"]
[GameId "2146417134095104"]
[EventDate "2025.02.11"]
[EventType "swiss (blitz)"]
[EventRounds "11"]
[EventCountry "NET"]
[SourceTitle "Mega2025 Update 17"]
[Source "Chessbase"]
[SourceDate "2025.02.28"]
[SourceVersion "1"]
[SourceVersionDate "2025.02.28"]
[SourceQuality "1"]

1. c4 Nf6 2. Nc3 g6 3. g3 Bg7 4. Bg2 O-O 5. e4 d6 6. Nge2 e5 7. O-O Nbd7 8. d3 a5 9. h3 c6 10. f4 Qb6+ 11. Kh2 Qc7 12. f5 gxf5 13. Rxf5 Nc5 14. Rf2 Be6 15. Be3 Nfd7 16. g4 Qd8 17. Qd2 Qh4 18. Kg1 h6 19. Raf1 Kh7 20. Rf3 Rab8 21. Ng3 b5 22. cxb5 cxb5 23. Nf5 Qf6 24. Nxh6 Qxh6 25. Bxh6 Bxh6 26. g5 Bg7 27. Nd5 Rh8 28. Rxf7 Bxf7 29. Rxf7 Rbf8 30. Qf2 Rxf7 31. Qxf7 Rf8 32. Qh5+ 1-0

[Event "Titled Tuesday 2025.02.11 Early"]
[Site "Chess.com INT"]
[Date "2025.02.11"]
[Round "7"]
[White "Weetik, Vjacheslav"]
[Black "Yang, Kaiqi"]
[Result "0-1"]
[WhiteElo "2423"]
[BlackElo "2481"]
[PlyCount "130"]
[GameId "2146417134320918"]
[EventDate "2025.02.11"]
[EventType "swiss (blitz)"]
[EventRounds "11"]
[EventCountry "NET"]
[SourceTitle "Mega2025 Update 17"]
[Source "Chessbase"]
[SourceDate "2025.02.28"]
[SourceVersion "1"]
[SourceVersionDate "2025.02.28"]
[SourceQuality "1"]

1. d4 d5 2. Nf3 Nf6 3. Bf4 c5 4. e3 Nc6 5. Nbd2 cxd4 6. exd4 Bg4 7. h3 Bxf3 8. Nxf3 e6 9. c3 Bd6 10. Bg5 h6 11. Be3 Qc7 12. Bd3 Ne4 13. Bxe4 dxe4 14. Nd2 f5 15. Qb3 Qe7 16. Nc4 O-O-O 17. O-O-O Bc7 18. Kb1 Rd5 19. Rhe1 Rhd8 20. f3 b5 21. Na3 b4 22. c4 Nxd4 23. Bxd4 Rxd4 24. Rxd4 Rxd4 25. Nb5 Rd2 26. Nxa7+ Kb7 27. Qa4 Qc5 28. Qb5+ Qxb5 29. Nxb5 Be5 30. fxe4 Rxb2+ 31. Kc1 Rxa2 32. exf5 Ra1+ 33. Kd2 Bc3+ 34. Nxc3 bxc3+ 35. Ke2 Ra2+ 36. Kd3 exf5 37. Re7+ Kc6 38. Rxg7 c2 39. Kd2 Kc5 40. Rc7+ Kd4 41. c5 c1=Q+ 42. Kxc1 Rxg2 43. c6 Rg6 44. Rd7+ Ke3 45. c7 Rc6+ 46. Kb2 f4 47. Re7+ Kf2 48. Rf7 f3 49. Kb3 Kg2 50. Kb4 f2 51. Rg7+ Kxh3 52. Rf7 Kg2 53. Rg7+ Kh2 54. Rf7 Kg1 55. Rg7+ Kf1 56. Kb5 Rc2 57. Kb6 h5 58. Kb7 h4 59. Rh7 Kg1 60. Rg7+ Kh2 61. Rf7 Kg2 62. Rg7+ Kf1 63. Rh7 h3 64. Rxh3 Kg2 65. Rd3 f1=Q 0-1

[Event "Titled Tuesday 2025.02.11 Early"]
[Site "Chess.com INT"]
[Date "2025.02.11"]
[Round "8"]
[White "Yang, Kaiqi"]
[Black "Shirov, Alexei"]
[Result "0-1"]
[WhiteElo "2481"]
[BlackElo "2648"]
[PlyCount "106"]
[GameId "2146417134411267"]
[EventDate "2025.02.11"]
[EventType "swiss (blitz)"]
[EventRounds "11"]
[EventCountry "NET"]
[SourceTitle "Mega2025 Update 17"]
[Source "Chessbase"]
[SourceDate "2025.02.28"]
[SourceVersion "1"]
[SourceVersionDate "2025.02.28"]
[SourceQuality "1"]

1. c4 e6 2. g3 d5 3. Bg2 Nf6 4. Nf3 Be7 5. d4 O-O 6. O-O dxc4 7. Qc2 a6 8. a4 Bd7 9. Qxc4 Bc6 10. Bg5 Nbd7 11. Nc3 a5 12. Rfe1 Nb6 13. Qd3 Nbd5 14. Bxf6 Bxf6 15. e4 Nb4 16. Qd2 e5 17. d5 Bd7 18. Na2 Nxa2 19. Rxa2 c6 20. Ra3 Qb6 21. Qe2 cxd5 22. exd5 e4 23. Nd2 Qxb2 24. Rb3 Qa2 25. Rxb7 Bxa4 26. Nxe4 Qxe2 27. Rxe2 Bd4 28. Rd2 Be5 29. f4 Bb8 30. Nc3 Ra7 31. Rxa7 Bxa7+ 32. Kf1 Bd7 33. d6 Rb8 34. Bd5 Kf8 35. Re2 Re8 36. Rxe8+ Kxe8 37. Ke2 f6 38. Kd3 Kd8 39. Kc4 Bg1 40. h3 Bxh3 41. Kb5 Bf2 42. Ne4 Be1 43. Bc6 h5 44. Nc5 Bxg3 45. Nb7+ Kc8 46. d7+ Bxd7 47. Nd6+ Kc7 48. Bxd7 Kxd6 49. Be8 Bxf4 50. Bxh5 Bd2 51. Bg6 Bb4 52. Kc4 Ke5 53. Kd3 Kf4 0-1

[Event "Titled Tuesday 2025.02.11 Early"]
[Site "Chess.com INT"]
[Date "2025.02.11"]
[Round "9"]
[White "Yang, Kaiqi"]
[Black "Mekhitarian, Krikor Sevag"]
[Result "0-1"]
[WhiteElo "2481"]
[BlackElo "2562"]
[PlyCount "106"]
[GameId "2146417134530337"]
[EventDate "2025.02.11"]
[EventType "swiss (blitz)"]
[EventRounds "11"]
[EventCountry "NET"]
[SourceTitle "Mega2025 Update 17"]
[Source "Chessbase"]
[SourceDate "2025.02.28"]
[SourceVersion "1"]
[SourceVersionDate "2025.02.28"]
[SourceQuality "1"]

1. c4 b6 2. Nc3 Bb7 3. e4 e5 4. g3 f5 5. Bg2 Nf6 6. d3 Bc5 {was the old line (6...Bb4). war die alte Variante (6...Lb4).} 7. Nf3 fxe4 8. dxe4 d6 $146 (8... O-O 9. O-O Nc6 10. Nh4 Nd4 11. Nd5 c6 12. Ne3 d5 13. exd5 cxd5 14. cxd5 Nxd5 {0-1 Murray,D (2090)-Wall,T (2290) BCF-chT 2223 (4NCL) England 2022 (10.5)}) 9. Qe2 O-O 10. O-O Nc6 11. Nd5 Nd4 12. Nxd4 Bxd4 13. Bg5 Qd7 14. Nxf6+ gxf6 15. Be3 c5 16. Rad1 Kh8 17. f4 Rae8 18. b3 a6 19. Kh1 b5 20. fxe5 fxe5 21. Bh6 Rxf1+ 22. Rxf1 Qe6 23. Qh5 Qg6 24. Qh4 Rg8 25. Rf6 Qg4 26. Bg7+ Qxg7 27. Rxd6 bxc4 28. bxc4 Bc8 29. h3 Qxg3 30. Qf6+ Qg7 31. Qf3 Bb7 32. Kh2 Bc8 33. Rf6 Qg5 34. Rf7 Be3 35. Qe2 Bf4+ 36. Kg1 Be6 37. Rc7 Bxh3 38. Kf1 Qxg2+ 39. Ke1 Qxe2+ 40. Kxe2 Be6 41. Rxc5 Rg2+ 42. Kf3 Rg3+ 43. Kf2 Bg4 44. Rc6 Kg7 45. Rc8 Rf3+ 46. Kg2 Rc3 47. Rc7+ Kf6 48. c5 Rc2+ 49. Kf1 h5 50. Rc6+ Kg5 51. Rxa6 Kh4 52. c6 Kg3 53. Ke1 Rc1# 0-1

[Event "Titled Tuesday 2025.02.11 Early"]
[Site "Chess.com INT"]
[Date "2025.02.11"]
[Round "10"]
[White "Piddubna, Bozhena"]
[Black "Yang, Kaiqi"]
[Result "1-0"]
[WhiteElo "2152"]
[BlackElo "2481"]
[PlyCount "89"]
[GameId "2146417134616580"]
[EventDate "2025.02.11"]
[EventType "swiss (blitz)"]
[EventRounds "11"]
[EventCountry "NET"]
[SourceTitle "Mega2025 Update 17"]
[Source "Chessbase"]
[SourceDate "2025.02.28"]
[SourceVersion "1"]
[SourceVersionDate "2025.02.28"]
[SourceQuality "1"]

1. d4 Nf6 2. c4 e6 3. Nf3 c5 4. g3 cxd4 5. Nxd4 a6 6. Bg2 Qc7 7. b3 Bb4+ 8. Bd2 Bc5 9. Nc2 Nc6 10. O-O h5 11. Bf4 e5 12. Bg5 h4 13. Nc3 hxg3 14. hxg3 d6 15. Bxf6 gxf6 16. Nd5 Qd8 17. b4 Ba7 18. e3 f5 19. b5 axb5 20. cxb5 Ne7 21. Ncb4 Bc5 22. Nxe7 Kxe7 23. Nd5+ Kf8 24. a4 Qg5 25. Re1 Qh6 26. Kf1 Be6 27. Rc1 b6 28. Nc7 Rd8 29. Na6 Kg7 30. Qf3 e4 31. Qf4 Qf6 32. Nxc5 dxc5 33. Red1 Bb3 34. Rxd8 Rxd8 35. Bh3 Kg6 36. g4 fxg4 37. Qxf6+ Kxf6 38. Bxg4 Rd2 39. Be2 Bxa4 40. Ra1 Bb3 41. Ra6 c4 42. Rxb6+ Ke5 43. Rc6 Rb2 44. b6 Kd5 45. Rc8 1-0

[Event "Titled Tuesday 2025.02.11 Early"]
[Site "Chess.com INT"]
[Date "2025.02.11"]
[Round "11"]
[White "Yang, Kaiqi"]
[Black "Shubenkova, Veronika"]
[Result "0-1"]
[WhiteElo "2481"]
[BlackElo "2024"]
[PlyCount "90"]
[GameId "2146417134686381"]
[EventDate "2025.02.11"]
[EventType "swiss (blitz)"]
[EventRounds "11"]
[EventCountry "NET"]
[SourceTitle "Mega2025 Update 17"]
[Source "Chessbase"]
[SourceDate "2025.02.28"]
[SourceVersion "1"]
[SourceVersionDate "2025.02.28"]
[SourceQuality "1"]

1. c4 c5 2. Nc3 Nc6 3. g3 g6 4. Bg2 Bg7 5. e4 e5 6. Nge2 d6 7. d3 Be6 8. Nd5 Nge7 9. h4 h5 10. Bg5 Bxd5 11. exd5 Nd4 12. Nxd4 cxd4 13. Qa4+ Qd7 14. Qxd7+ Kxd7 15. Bh3+ f5 16. Kd2 Rac8 17. b4 Rhe8 18. Rhc1 Rf8 19. a4 Bf6 20. f4 Bxg5 21. hxg5 exf4 22. gxf4 Rce8 23. Bg2 Nc8 24. c5 Re3 25. Rc4 Rg3 26. Bh1 h4 27. Rxd4 h3 28. Rc1 h2 29. c6+ bxc6 30. dxc6+ Kc7 31. b5 Rg1 32. a5 Re8 33. Bd5 Rxc1 34. Kxc1 Re1+ 35. Kd2 h1=Q 36. Bxh1 Rxh1 37. Rc4 Rb1 38. b6+ axb6 39. axb6+ Nxb6 40. Rc2 Rb4 41. Ke3 Nd5+ 42. Kf3 Rxf4+ 43. Kg3 Rg4+ 44. Kf3 Rxg5 45. d4 Rg4 0-1

[Event "Chessable Masters Play In"]
[Site "Chess.com INT"]
[Date "2025.02.17"]
[Round "1"]
[White "Ponomariov, Ruslan"]
[Black "Yang, Kaiqi"]
[Result "1-0"]
[WhiteElo "2628"]
[BlackElo "2481"]
[PlyCount "93"]
[GameId "2146417135643170"]
[EventDate "2025.02.17"]
[EventType "swiss (blitz)"]
[EventRounds "9"]
[EventCountry "NET"]
[SourceTitle "Mega2025 Update 16"]
[Source "Chessbase"]
[SourceDate "2025.02.21"]
[SourceVersion "1"]
[SourceVersionDate "2025.02.21"]
[SourceQuality "1"]

1. e4 c5 2. Nf3 d6 3. Nc3 Nf6 4. Bc4 e6 5. d4 cxd4 6. Qxd4 Nc6 7. Qd3 Be7 8. Bf4 $1 {[%mdl 4] is recently more successful than 8.0-0. ist inzwischen erfolgreicher als 8.0-0.} a6 9. O-O-O Ng4 10. Qe2 Qc7 11. Bb3 O-O 12. Bg3 $146 (12. Bg5 b5 13. Bxe7 Nxe7 14. Nd4 Nf6 15. g4 b4 16. g5 Nd7 17. Na4 Nc5 18. Nxc5 dxc5 {½-½ Kovalev,V (2678)-Mammadzada,G (2436) Nakhchivan op 2019 (2)}) 12... b5 13. Nd4 Nxd4 14. Rxd4 Ne5 15. Rhd1 Bb7 16. f4 Nc6 17. R4d3 Nb4 18. Rf3 a5 19. Nxb5 Qc6 20. Rd4 a4 21. Rxb4 axb3 22. a3 bxc2 23. Rc3 Qa6 24. Qxc2 Rac8 25. Nc7 Qf1+ 26. Qd1 Qxg2 27. Rxb7 Qxe4 28. Rb4 Qf5 29. Qc2 Qh3 30. Rbc4 Bf6 31. Rd3 d5 32. Rc6 Qf1+ 33. Rd1 Qf3 34. Qd3 Qg4 35. Rd2 Rb8 36. Na6 Rb7 37. Nc5 Rbb8 38. Nd7 Rfc8 39. Nxf6+ gxf6 40. Rxc8+ Rxc8+ 41. Kb1 Rc4 42. Rc2 Re4 43. Ka2 Qf5 44. Rg2 Kf8 45. Qc2 Rc4 46. Qxf5 exf5 47. Rd2 1-0

[Event "Chessable Masters Play In"]
[Site "Chess.com INT"]
[Date "2025.02.17"]
[Round "6"]
[White "Yang, Kaiqi"]
[Black "Dai, Changren"]
[Result "0-1"]
[WhiteElo "2481"]
[BlackElo "2527"]
[PlyCount "74"]
[GameId "2146417135811490"]
[EventDate "2025.02.17"]
[EventType "swiss (blitz)"]
[EventRounds "9"]
[EventCountry "NET"]
[SourceTitle "Mega2025 Update 16"]
[Source "Chessbase"]
[SourceDate "2025.02.21"]
[SourceVersion "1"]
[SourceVersionDate "2025.02.21"]
[SourceQuality "1"]

1. e4 e5 2. Nf3 Nc6 3. Bc4 Bc5 4. d3 Nf6 5. O-O d6 6. c3 O-O 7. Re1 a5 {7...Bb6 is the modern continuation. 7...Lb6 ist die moderne Fortsetzung.} 8. Bb3 Be6 9. Nbd2 Bxb3 10. axb3 Ba7 11. h3 Ne7 12. Nf1 Ng6 13. Ng3 d5 $146 (13... c6 14. Nf5 Re8 15. N3h4 d5 16. Qf3 Nxh4 17. Nxh4 Nxe4 18. dxe4 Qxh4 19. exd5 cxd5 {½-½ Santos Flores,A (2183)-Rose,F (2091) Titled Tuesday intern op 02nd Apr Early Chess.com INT blitz 2024 (6)}) 14. Bg5 dxe4 15. Nxe4 Re8 16. Qc2 Re6 17. Nh2 Qf8 18. Bxf6 gxf6 19. Ng3 Qh6 20. Ra4 Nf4 21. Ng4 Qg6 22. Ne3 Qxd3 23. Qc1 Bxe3 24. fxe3 b5 25. Ra1 Kh8 26. exf4 Qxg3 27. f5 Rd6 28. Qe3 Qxe3+ 29. Rxe3 Rd2 30. Ra2 Rg8 31. g4 Rgd8 32. Rxa5 Rxb2 33. Re1 Rxb3 34. Kg2 Rd2+ 35. Kg3 Rxc3+ 36. Kh4 Rh2 37. g5 Rhxh3+ 0-1

[Event "Titled Tuesday 2025.01.28 Early"]
[Site "Chess.com INT"]
[Date "2025.01.28"]
[Round "1"]
[White "Yang, Kaiqi"]
[Black "Hertlein, Irena"]
[Result "1-0"]
[WhiteElo "2481"]
[BlackElo "1982"]
[PlyCount "46"]
[GameId "2141333505546695"]
[EventDate "2025.01.28"]
[EventType "swiss (blitz)"]
[EventRounds "11"]
[EventCountry "NET"]
[SourceTitle "Mega2025 Update 14"]
[Source "Chessbase"]
[SourceDate "2025.02.07"]
[SourceVersion "1"]
[SourceVersionDate "2025.02.07"]
[SourceQuality "1"]

1. d4 Nf6 2. c4 e6 3. Nc3 Bb4 4. f3 d5 5. a3 Bxc3+ 6. bxc3 O-O 7. e3 c5 {7...c5 scores better than 7...b6. 7...c5 punktet besser als 7...b6.} 8. cxd5 Nxd5 9. Qc2 Nc6 10. Bd3 h6 11. Ne2 e5 12. c4 $146 (12. e4 Nb6 13. dxc5 Nd7 14. Be3 Qa5 15. O-O Nxc5 16. Bc4 Be6 17. Bd5 Bxd5 18. exd5 {1-0 Fistoul,B (1918)-Klugstedt,V (1827) GER-ch U25-A Willingen 2019 (7)}) 12... Nf6 13. d5 e4 14. Bxe4 Ne5 15. O-O Re8 16. Bd3 b6 17. Ng3 Ba6 18. e4 Nfd7 19. Bb2 Qc7 20. f4 Nxd3 21. Qxd3 Nf8 22. Nh5 f6 23. e5 Nh7 1-0

[Event "Titled Tuesday 2025.01.28 Early"]
[Site "Chess.com INT"]
[Date "2025.01.28"]
[Round "2"]
[White "Yang, Kaiqi"]
[Black "Saydaliev, Saidakbar"]
[Result "0-1"]
[WhiteElo "2481"]
[BlackElo "2462"]
[PlyCount "68"]
[GameId "2141333505764294"]
[EventDate "2025.01.28"]
[EventType "swiss (blitz)"]
[EventRounds "11"]
[EventCountry "NET"]
[SourceTitle "Mega2025 Update 14"]
[Source "Chessbase"]
[SourceDate "2025.02.07"]
[SourceVersion "1"]
[SourceVersionDate "2025.02.07"]
[SourceQuality "1"]

1. d4 Nf6 2. c4 g6 3. f3 Bg7 4. e4 O-O 5. Nc3 d6 6. Nge2 c5 7. d5 e6 8. Bg5 h6 9. Be3 a6 10. a4 exd5 11. cxd5 Re8 12. Qd2 h5 13. Nc1 Nbd7 14. Be2 Nh7 15. O-O f5 16. Kh1 Ne5 17. f4 Ng4 18. Bxg4 hxg4 19. e5 dxe5 20. Nd3 exf4 21. Nxf4 Qd6 22. a5 Bd7 23. Qf2 Rac8 24. Nd3 c4 25. Nc5 Rxe3 26. Qxe3 Qxc5 27. Qe2 Re8 28. Qd2 Qd4 29. Rad1 Qxd2 30. Rxd2 Ng5 31. d6 Ne4 32. Nxe4 Rxe4 33. Rc1 Kf7 34. Kg1 Bh6 0-1

[Event "Titled Tuesday 2025.01.28 Early"]
[Site "Chess.com INT"]
[Date "2025.01.28"]
[Round "3"]
[White "Swara, Lakshmi S Nair"]
[Black "Yang, Kaiqi"]
[Result "0-1"]
[WhiteElo "2158"]
[BlackElo "2481"]
[PlyCount "94"]
[GameId "2141333505990142"]
[EventDate "2025.01.28"]
[EventType "swiss (blitz)"]
[EventRounds "11"]
[EventCountry "NET"]
[SourceTitle "Mega2025 Update 14"]
[Source "Chessbase"]
[SourceDate "2025.02.07"]
[SourceVersion "1"]
[SourceVersionDate "2025.02.07"]
[SourceQuality "1"]

1. e4 c5 2. Nf3 Nc6 3. d4 cxd4 4. Nxd4 e5 5. Nb5 a6 6. Nd6+ Bxd6 7. Qxd6 Qe7 8. Qxe7+ Ngxe7 9. Nc3 d5 10. exd5 Nb4 11. Bd3 Bf5 12. O-O Bxd3 13. cxd3 Kd7 14. Rd1 f5 15. d4 e4 16. Bf4 Nexd5 17. Be5 Rac8 18. Nxd5 Nxd5 19. Rac1 Rxc1 20. Rxc1 Rg8 21. Kf1 g5 22. Ke2 h5 23. f3 e3 24. g3 f4 25. a3 h4 26. g4 Rg6 27. Rc5 Ne7 28. Rc7+ Kd8 29. Rxb7 Rc6 30. h3 Rc2+ 31. Ke1 Nd5 32. Rb8+ Kd7 33. Rb7+ Kc6 34. Rb8 Rf2 35. Rc8+ Kd7 36. Rc5 Ke6 37. Rc6+ Ke7 38. Rc5 Nb6 39. Rc7+ Kd8 40. Rg7 Na4 41. Rxg5 Nxb2 42. Rg8+ Kd7 43. Rg7+ Ke8 44. Rg8+ Kf7 45. Rg7+ Kf8 46. Rg5 Nd3+ 47. Kd1 Rd2# 0-1